00895nam a22002177a 4500003000400000005001700004008004100021010001900062024001800081035001900099040001300118082001500131245007100146260004900217300005500266440002400321500007600345538010900421538012800530650001900658dpl20080911114410.0080911t xxu||||| |||| 00| 0 eng d aDVD-000425-427 2OOXW3c799.00 aDVD-000425-427 aDPLcDPL aDVD / POCA aPocahontascWalt Disney Pictures Presentsh[videorecording] (DVD)/ aBurbank, CAbWalt Disney Home Entertainment a1 videodiscs (82min.):bsd., col.;c4 3/4 in.fDVD aWalt Disney Classic aSole Distributor in India M/s Excel Productions Audio Visuals Pvt. Ltd. aDolby Digital 5.1-English, Mandarin, Cantonese, Korean Subtitles-English, Mandarin, Thai, Bahasa, Korean aAspect Ratio:1.66.1, Presentation Type: Wide Screne, Presentation Size 16x9, Formaton: DVD 9- Dual Layer Single sided Disc, 2Animated Movie